| 000 | 01209nam a22003737a 4500 | ||
|---|---|---|---|
| 001 | 0034883 | ||
| 003 | KOHA_MİRAKIL | ||
| 005 | 20260207002929.0 | ||
| 007 | ta | ||
| 008 | 120106b2009 tu |||grt|||#0|||0|tur | | ||
| 020 | _a9789758918294 | ||
| 040 |
_aTR-BiSEU _btur _cTR-BiSEU _erda |
||
| 041 | 0 | _atur | |
| 044 | _ctu | ||
| 050 |
_aJF1525 _b.K36 2009 |
||
| 111 | 2 |
_aKamu etiği sempozyum bildirileri (II : 2009: Ankara) _967060 |
|
| 245 | 1 |
_aKamu etiği : _bsempozyum bildirileri II/ _cTürkiye ve Orta Doğu Amme İdaresi Enstitüsü. |
|
| 264 | 1 |
_aAnkara : _bTODAİE _c2009 |
|
| 300 |
_a495-1016 s. ; _c21 cm. |
||
| 336 |
_ametin _btxt _2rdacontent |
||
| 337 |
_aaracısız _bn _2rdamedia |
||
| 338 |
_acilt _bnc _2rdacarrier |
||
| 490 | 1 |
_aTODAİE yayın no ; _v347. |
|
| 500 | _aSempozyum bildirileri 1-2. | ||
| 650 | 0 |
_aSiyasi suistimal. _961282 |
|
| 650 | 0 |
_aSiyasi ahlak. _961283 |
|
| 650 | 0 |
_aKamu yönetimi--Ahlaki ve etik yönler. _961284 |
|
| 650 | 0 |
_aPolitical corruption. _922488 |
|
| 650 | 0 |
_aPolitical ethics. _927245 |
|
| 650 | 0 |
_aPublic administration--Moral and ethical aspects. _935413 |
|
| 830 | 1 |
_aTODAİE yayın no ; _v347. _950842 |
|
| 907 | _aBildiri | ||
| 942 |
_2lcc _cBK |
||
| 999 |
_c34790 _d34790 |
||